000 00635nam a2200193 i 4500
001 83935
003 ES-MaACL
005 20230906174922.0
007 t|
008 041118s1965 sp ||||1| spa d
100 1 _aIturrioz e Ibáñez, Alberto.
_965640
245 1 0 _aEscalerilla madrileña /
_cAlberto Iturrioz e Ibañez ; prólogo de Antonio Díaz-Cañabete.
260 _aMadrid :
_bCultura Clásica y Moderna,
_c[1965]
300 _a297 p. ;
_c23 cm.
700 1 _aDíaz-Cañabate, Antonio,
_d1898-1980
_944194
852 _aES-MaACL
_jC-28029
_bR.56953
852 _aES-MaACL
_jC-28587
_bR.57860
999 _c83935
_d83935